000 00438nam a2200145 a 4500
001 000036558
005 20200930075810.0
008 120120s1993 mx 000 0 spa d
020 _a9686223967
040 _aDO-SdBNP
_bspa
_cBNPHU
082 _axxxx
_bxxxx
100 1 _aLorino, Philippe
_962819
245 1 3 _aEl control de gestión estratégico :
_bla gestión por actividades /
_cPhilippe Lorino.
260 _aMéxico :
_bAlfaomega,
_c1993.
999 _c36049
_d36049